000 00621nam a2200229Ia 4500
003 OSt
005 20220928114200.0
006 a|||||r|||| 00| 0
007 ta
008 220927b |||||||| |||| 00| 0 eng d
024 _a145480
037 _cTextual
040 _aSDCL
_cSDCL
_beng
041 _2eng
_aeng
082 _aY:4582, L9
100 _aEibl-Eibesfeldt Irenaus
_9437355
245 0 _aBiology of peace and war
260 _aGreat
_bBritain Thames and Hudson
_c1979
300 _aviii,294p
_ccm.
942 _hY:4582, L9
_cTEXL
_2CC
999 _c753297
_d753297